[Event "Pan American-ch Hybrid U16 Girls 31st"]
[Site "Tornelo INT"]
[Date "2021.09.04"]
[Round "1"]
[White "Abdala Cancino, Patricia Anastassia"]
[Black "Bittencourt, Alica E Decezare"]
[Result "1-0"]
[WhiteElo "1611"]
[BlackElo "1220"]
[PlyCount "87"]
[EventDate "2021.09.04"]
[EventType "swiss"]
[EventRounds "9"]
[EventCountry "NET"]
[SourceTitle "EXT 2023"]
[Source "ChessBase"]
[SourceDate "2022.10.05"]
[SourceVersion "1"]
[SourceVersionDate "2022.10.05"]
[SourceQuality "1"]

1. e4 e5 2. Nf3 Nc6 3. Bc4 Bc5 4. c3 Nf6 5. d3 d6 6. h3 0-0 7. Bg5 Be6 8. Bb5 h6 9. Bh4 Re8 10. 0-0 Bd7 11. Nbd2 a6 12. Ba4 b5 13. Bc2 b4 14. Nc4 Be6 15. Ba4 Bd7 16. Ne3 Bxe3 17. fxe3 Na5 18. Bxd7 Qxd7 19. Bxf6 gxf6 20. Nh4 Qe6 21. Nf5 Qxf5 22. Rxf5 Re6 23. Qh5 Kg7 24. Raf1 Nc6 25. Qg4+ Kf8 26. Rxf6 Rxf6 27. Rxf6 Ke7 28. Rxh6 Rf8 29. Qg7 Nd8 30. Qf6+ Ke8 31. Rh8 Ne6 32. Rxf8+ Nxf8 33. d4 Nd7 34. Qf1 bxc3 35. bxc3 a5 36. Qb5 Kd8 37. Qxa5 Kc8 38. Qa8+ Nb8 39. a4 f6 40. a5 exd4 41. exd4 c6 42. a6 Kc7 43. Qb7+ Kd8 44. Qxb8+ 1-0

[Event "Pan American-ch Hybrid U16 Girls 31st"]
[Site "Tornelo INT"]
[Date "2021.09.04"]
[Round "5"]
[White "Abdala Cancino, Patricia Anastassia"]
[Black "Milanesi, Adriane"]
[Result "1-0"]
[WhiteElo "1611"]
[BlackElo "1273"]
[PlyCount "33"]
[EventDate "2021.09.04"]
[EventType "swiss"]
[EventRounds "9"]
[EventCountry "NET"]
[SourceTitle "EXT 2023"]
[Source "ChessBase"]
[SourceDate "2022.10.05"]
[SourceVersion "1"]
[SourceVersionDate "2022.10.05"]
[SourceQuality "1"]

1. e4 e5 2. Nf3 Nc6 3. Bc4 Bc5 4. c3 Nf6 5. d3 0-0 6. h3 d5 7. exd5 Nxd5 8. 0-0 Re8 9. Re1 Re6 10. Ng5 Rg6 11. Qh5 h6 12. Ne4 Nf6 13. Qxg6 Nd5 14. Qg3 Bf8 15. Bxd5 Ne7 16. Bb3 Ng6 17. Qxg6 1-0

[Event "Pan American-ch Hybrid U16 Girls 31st"]
[Site "Tornelo INT"]
[Date "2021.09.04"]
[Round "9"]
[White "Tec Rodas, Sofia Isavelina"]
[Black "Abdala Cancino, Patricia Anastassia"]
[Result "1-0"]
[WhiteElo "1543"]
[BlackElo "1611"]
[PlyCount "34"]
[EventDate "2021.09.04"]
[EventType "swiss"]
[EventRounds "9"]
[EventCountry "NET"]
[SourceTitle "EXT 2023"]
[Source "ChessBase"]
[SourceDate "2022.10.05"]
[SourceVersion "1"]
[SourceVersionDate "2022.10.05"]
[SourceQuality "1"]

1. e4 e5 2. Nf3 Nc6 3. d4 exd4 4. Bc4 Nf6 5. 0-0 Nxe4 6. Nc3 dxc3 7. Bxf7+ Kxf7 8. Qd5+ Ke8 9. Re1 Be7 10. Rxe4 h6 11. Bxh6 Kf8 12. Ng5 Bxg5 13. Bxg5 Rh5 14. Rf4+ Qf6 15. Rxf6+ gxf6 16. Qf3 cxb2 17. Qxf6+ Kg8 1-0

[Event "Wch FIDE Online U14 Girls America qual"]
[Site "Tornelo INT"]
[Date "2020.12.03"]
[Round "5"]
[White "Abdala Cancino, Patricia Anastassia"]
[Black "Orbe Vivero, Veronica Priscila"]
[Result "0-1"]
[WhiteElo "1456"]
[BlackElo "1471"]
[PlyCount "66"]
[EventDate "2020.12.01"]
[EventType "swiss (rapid)"]
[EventRounds "7"]
[EventCountry "ISS"]
[SourceTitle "EXT 2022"]
[Source "ChessBase"]
[SourceDate "2021.10.06"]
[SourceVersion "1"]
[SourceVersionDate "2021.10.06"]
[SourceQuality "1"]

1. e4 c5 2. d4 cxd4 3. Nf3 Nc6 4. Nxd4 Nf6 5. Nc3 e5 6. Ndb5 d6 7. Bg5 a6 8. Na3 b5 9. Nd5 Be7 10. Nxe7 Qxe7 11. f3 0-0 12. Be2 h6 13. Bh4 Be6 14. Qd2 Rfd8 15. 0-0 Nxe4 16. fxe4 Qxh4 17. Qe3 Rac8 18. Rf3 Nd4 19. Rg3 Qf4 20. Bd3 Qxe3+ 21. Rxe3 b4 22. Nb1 Nxc2 23. Bxc2 Rxc2 24. b3 Rdc8 25. Kf1 Rb2 26. Re2 Rc1+ 27. Re1 Rcc2 28. a3 Rf2+ 29. Kg1 Rxg2+ 30. Kh1 Rxh2+ 31. Kg1 Rbg2+ 32. Kf1 Bh3 33. Re3 Rh1# 0-1

[Event "South America-ch U14 Girls 16th"]
[Site "Buenos Aires"]
[Date "2019.12.04"]
[Round "6.2"]
[White "Abdala Cancino, Patricia Anastassia"]
[Black "Montiel Caceres, Helen"]
[Result "1-0"]
[WhiteElo "1532"]
[BlackElo "1531"]
[PlyCount "63"]
[EventDate "2019.12.01"]
[EventType "swiss"]
[EventRounds "9"]
[EventCountry "ARG"]
[SourceTitle "EXT 2024"]
[Source "ChessBase"]
[SourceDate "2023.10.10"]
[SourceVersion "1"]
[SourceVersionDate "2023.10.10"]
[SourceQuality "1"]

1. e4 c5 2. Nf3 Nc6 3. c3 Nf6 4. d3 d6 5. g3 g6 6. Bg2 Bg7 7. 0-0 e5 8. Nh4 d5 9. Qe2 0-0 10. Nf3 h6 11. Re1 Be6 12. Nbd2 Qd7 13. Nf1 Rad8 14. Kh1 c4 15. dxc4 Nxe4 16. cxd5 Bxd5 17. c4 Nc3 18. bxc3 e4 19. Ng1 Bxc3 20. cxd5 Nd4 21. Qd1 Bxa1 22. Bxh6 Bc3 23. Re3 Nf5 24. Rxc3 Nxh6 25. Bxe4 Ng4 26. Rc2 Nf6 27. Bg2 Qa4 28. Ne3 Kg7 29. Rd2 Qb4 30. Rd4 Qb2 31. Qd2 Qb5 32. Nf5+ 1-0

[Event "Wch U20 Girls 37th"]
[Site "New Delhi"]
[Date "2019.10.25"]
[Round "11"]
[White "Onur, Cigdem"]
[Black "Abdala Cancino, Patricia Anastassia"]
[Result "1-0"]
[WhiteElo "1913"]
[BlackElo "1608"]
[PlyCount "113"]
[EventDate "2019.10.15"]
[EventType "swiss"]
[EventRounds "11"]
[EventCountry "IND"]
[SourceTitle "CBM 192 Extra"]
[Source "Chessbase"]
[SourceDate "2019.11.06"]
[SourceVersion "1"]
[SourceVersionDate "2019.11.06"]
[SourceQuality "1"]

1. e4 e5 2. Nf3 Nc6 3. Nc3 Nf6 4. Bb5 Bb4 5. 0-0 0-0 6. d3 d6 7. Bg5 Bxc3 8. bxc3 h6 9. Bh4 Bg4 10. h3 Bd7 11. Qd2 a6 12. Ba4 b5 13. Bb3 Na5 14. Rae1 Nxb3 15. cxb3 Kh7 16. d4 Qe7 17. dxe5 dxe5 18. Bg3 Rad8 19. Qc2 b4 20. c4 Bc6 21. Nxe5 Bxe4 22. Rxe4 Nxe4 23. Qxe4+ f5 24. Qc2 Qf6 25. f4 Rd6 26. Rd1 Rxd1+ 27. Qxd1 Rd8 28. Qe2 c5 29. Bf2 g5 30. fxg5 hxg5 31. Bxc5 a5 32. Kh2 Kh6 33. Be7 Rd2 34. Bxf6 Rxe2 35. Nf3 g4 36. Nd4 Rxa2 37. h4 Kg6 38. Bg5 a4 39. bxa4 Rxa4 40. Bd2 b3 41. Nxb3 Rxc4 42. Nc1 Rc2 43. Bg5 Kf7 44. Nd3 Ke6 45. Nf4+ Ke5 46. h5 Rc7 47. h6 Rh7 48. Ng6+ Ke4 49. Kg3 Rf7 50. Bf4 Rb7 51. Kh4 Rb2 52. h7 Rb1 53. h8Q Rh1+ 54. Kg5 Rxh8 55. Nxh8 Kd3 56. g3 Ke4 57. Nf7 1-0

[Event "Wch U20 Girls 37th"]
[Site "New Delhi"]
[Date "2019.10.22"]
[Round "8"]
[White "Abdala Cancino, Patricia Anastassia"]
[Black "Cosme Contreras, Trilce"]
[Result "0-1"]
[WhiteElo "1608"]
[BlackElo "2027"]
[PlyCount "60"]
[EventDate "2019.10.15"]
[EventType "swiss"]
[EventRounds "11"]
[EventCountry "IND"]
[SourceTitle "CBM 192 Extra"]
[Source "Chessbase"]
[SourceDate "2019.11.06"]
[SourceVersion "1"]
[SourceVersionDate "2019.11.06"]
[SourceQuality "1"]

1. e4 c5 2. Nf3 d6 3. d3 Nc6 4. c3 Nf6 5. g3 g6 6. Bg2 Bg7 7. 0-0 0-0 8. Re1 Bg4 9. h3 Bxf3 10. Qxf3 Rc8 11. g4 b5 12. Be3 b4 13. d4 bxc3 14. bxc3 cxd4 15. Bxd4 Nxd4 16. cxd4 Nd7 17. Qe3 Qb6 18. Rd1 Qb2 19. Nd2 Bxd4 20. Qd3 Ne5 21. Qa6 Rc6 22. Qa4 Qb6 23. Rab1 Bxf2+ 24. Kf1 Qe3 25. Rb3 Qf4 26. Rf3 Nxf3 27. Nxf3 Bc5 28. Qxc6 Qe3 29. Rd2 Rb8 30. Re2 Rb1+ 0-1

[Event "Wch U20 Girls 37th"]
[Site "New Delhi"]
[Date "2019.10.21"]
[Round "7"]
[White "Reid, Caitlin"]
[Black "Abdala Cancino, Patricia Anastassia"]
[Result "0-1"]
[WhiteElo "1489"]
[BlackElo "1608"]
[PlyCount "68"]
[EventDate "2019.10.15"]
[EventType "swiss"]
[EventRounds "11"]
[EventCountry "IND"]
[SourceTitle "CBM 192 Extra"]
[Source "Chessbase"]
[SourceDate "2019.11.06"]
[SourceVersion "1"]
[SourceVersionDate "2019.11.06"]
[SourceQuality "1"]

1. e4 e5 2. Nf3 Nc6 3. d4 exd4 4. Bc4 Nf6 5. e5 d5 6. Bb5 Ne4 7. Nbd2 Nxd2 8. Qxd2 Bd7 9. Bxc6 bxc6 10. Qxd4 Bf5 11. b3 a5 12. 0-0 c5 13. Qf4 Qd7 14. c3 Be7 15. Re1 0-0 16. Ba3 h6 17. Rad1 c6 18. Rd2 Qe6 19. Qe3 Be4 20. Bxc5 Bxc5 21. Qxc5 Bxf3 22. gxf3 f6 23. Qd6 Qf5 24. Re3 fxe5 25. Qxc6 d4 26. Qd5+ Kh8 27. cxd4 Qb1+ 28. Kg2 Ra6 29. Qe4 Rg6+ 30. Kh3 Qf1+ 31. Kh4 Rf4+ 32. Qxf4 exf4 33. Re5 Qg2 34. Kh5 Kh7 0-1

[Event "Wch U20 Girls 37th"]
[Site "New Delhi"]
[Date "2019.10.19"]
[Round "6"]
[White "Abdala Cancino, Patricia Anastassia"]
[Black "Rindhiya, V."]
[Result "0-1"]
[WhiteElo "1608"]
[BlackElo "1817"]
[PlyCount "76"]
[EventDate "2019.10.15"]
[EventType "swiss"]
[EventRounds "11"]
[EventCountry "IND"]
[SourceTitle "CBM 192 Extra"]
[Source "Chessbase"]
[SourceDate "2019.11.06"]
[SourceVersion "1"]
[SourceVersionDate "2019.11.06"]
[SourceQuality "1"]

1. e4 e5 2. Nf3 Nc6 3. Bc4 Bc5 4. c3 Nf6 5. d3 d6 6. Bb3 a6 7. h3 h6 8. Nbd2 0-0 9. g4 Nh7 10. Nf1 Be6 11. Ng3 d5 12. Qe2 dxe4 13. dxe4 Na5 14. Bxe6 fxe6 15. b4 Ba7 16. bxa5 Qf6 17. Be3 Bxe3 18. Qxe3 Qxf3 19. Qxf3 Rxf3 20. Rb1 Rxc3 21. Rxb7 Rc5 22. 0-0 Rf8 23. Ra7 Rxa5 24. Rxc7 Rxa2 25. Nh5 Ng5 26. Rxg7+ Kh8 27. Rg6 Nxh3+ 28. Kg2 Nxf2 29. Rxh6+ Kg8 30. Rg6+ Kh7 31. Rg7+ Kh6 32. Rb1 Nxg4+ 33. Kg3 Nf6 34. Nxf6 Kxg7 35. Nd7 Ra3+ 36. Kg2 Rf4 37. Rb7 Rf7 38. Nc5 Rxb7 0-1

[Event "Wch U20 Girls 37th"]
[Site "New Delhi"]
[Date "2019.10.17"]
[Round "3"]
[White "Abdala Cancino, Patricia Anastassia"]
[Black "Figueroa Bernal, Julia Dennis Paloma"]
[Result "1-0"]
[WhiteElo "1608"]
[BlackElo "1777"]
[PlyCount "115"]
[EventDate "2019.10.15"]
[EventType "swiss"]
[EventRounds "11"]
[EventCountry "IND"]
[SourceTitle "CBM 192 Extra"]
[Source "Chessbase"]
[SourceDate "2019.11.06"]
[SourceVersion "1"]
[SourceVersionDate "2019.11.06"]
[SourceQuality "1"]

1. e4 c5 2. d3 e6 3. c3 d5 4. Nd2 Nc6 5. Ngf3 Nf6 6. Qe2 Be7 7. g3 b6 8. Bg2 Bb7 9. 0-0 Qc7 10. Re1 h6 11. Nf1 g5 12. h4 gxh4 13. Nxh4 0-0-0 14. Nh2 Ba6 15. e5 Nd7 16. N2f3 Rdg8 17. Bf4 Rg7 18. Qe3 Bg5 19. d4 Qd8 20. Rac1 c4 21. Kh2 Ne7 22. Nxg5 Nf5 23. Nxe6 Nxe3 24. Nxd8 Nxg2 25. Kxg2 Kxd8 26. Nf5 Rg6 27. Rh1 h5 28. Rh2 Nf8 29. Rch1 Ne6 30. Bc1 Ng7 31. Nxg7 Rxg7 32. Rxh5 Rhg8 33. Rh8 Bc8 34. Rxg8+ Rxg8 35. Rh5 b5 36. Bg5+ Ke8 37. Bf6 Bg4 38. Rg5 Rxg5 39. Bxg5 Bd1 40. Kh3 Kf8 41. Bf6 Kg8 42. Kh4 Kh7 43. f4 Kg6 44. g4 Bc2 45. f5+ Kh7 46. Kg5 Kg8 47. e6 fxe6 48. fxe6 Kf8 49. Kf4 Ke8 50. Ke5 Be4 51. Bh4 Bf3 52. g5 Be4 53. Kf6 Bh7 54. g6 Bg8 55. Ke5 a6 56. Bf6 Kf8 57. Kxd5 Ke8 58. Ke5 1-0

[Event "Wch U14 Girls"]
[Site "Mumbai"]
[Date "2019.10.02"]
[Round "1"]
[White "Abdala Cancino, Patricia Anastassia"]
[Black "Rakshitta, Ravi"]
[Result "0-1"]
[WhiteElo "1608"]
[BlackElo "2310"]
[PlyCount "30"]
[EventDate "2019.10.02"]
[EventType "swiss"]
[EventRounds "11"]
[EventCountry "IND"]
[SourceTitle "EXT 2020"]
[Source "ChessBase"]
[SourceDate "2019.10.17"]
[SourceVersion "1"]
[SourceVersionDate "2019.10.17"]
[SourceQuality "1"]

1. e4 e5 2. Nf3 Nc6 3. Bc4 Bc5 4. c3 Nf6 5. d3 0-0 6. 0-0 d5 7. exd5 Nxd5 8. h3 Bf5 9. Re1 Nb6 10. Nxe5 Qf6 11. Nf3 Nxc4 12. dxc4 Rad8 13. Qb3 Bxh3 14. Kh2 Qf5 15. Qxb7 Bxg2 0-1

[Event "Pan American-ch U14 Girls"]
[Site "Guayaquil"]
[Date "2019.07.22"]
[Round "3"]
[White "Abdala Cancino, Patricia Anastassia"]
[Black "Stephenson, Amy"]
[Result "0-1"]
[WhiteElo "1672"]
[BlackElo "1328"]
[PlyCount "78"]
[EventDate "2019.07.21"]
[EventType "swiss"]
[EventRounds "9"]
[EventCountry "ECU"]
[SourceTitle "EXT 2020"]
[Source "ChessBase"]
[SourceDate "2019.10.17"]
[SourceVersion "1"]
[SourceVersionDate "2019.10.17"]
[SourceQuality "1"]

1. e4 e5 2. Nf3 Nc6 3. Bc4 Bc5 4. c3 d6 5. a4 a6 6. d3 Bg4 7. Nbd2 h6 8. Ba2 Nf6 9. Qb3 0-0 10. h3 Be6 11. Qd1 Bxa2 12. Rxa2 Re8 13. 0-0 Ne7 14. Nc4 Qd7 15. Ne3 c6 16. b4 Bb6 17. a5 Bc7 18. Nh4 d5 19. exd5 Nexd5 20. Nxd5 Nxd5 21. Rc2 Rad8 22. Qf3 Re6 23. Rd1 Rf6 24. Qe4 Nf4 25. d4 g5 26. Nf3 g4 27. Nxe5 Bxe5 28. Qxe5 Rf5 29. Qe1 gxh3 30. Bxf4 Rxf4 31. g3 Qd5 32. Qf1 Rd6 33. Qxh3 Qf3 34. Re1 Rg6 35. Rce2 Qxc3 36. Kh2 Rff6 37. Qc8+ Kg7 38. Qd8 Rxf2+ 39. Rxf2 Qxg3+ 0-1

[Event "Villa Tehuelches op 5th"]
[Site "Villa Tehuelches"]
[Date "2019.07.14"]
[Round "7"]
[White "Gomez Barrera, Gonzalo Andres"]
[Black "Abdala Cancino, Patricia Anastassia"]
[Result "1-0"]
[WhiteElo "1959"]
[BlackElo "1672"]
[PlyCount "81"]
[EventDate "2019.07.11"]
[EventType "swiss"]
[EventRounds "7"]
[EventCountry "CHI"]
[SourceTitle "EXT 2020"]
[Source "ChessBase"]
[SourceDate "2019.10.17"]
[SourceVersion "1"]
[SourceVersionDate "2019.10.17"]
[SourceQuality "1"]

1. e4 e5 2. Nf3 Nc6 3. Bc4 Bc5 4. d3 Nf6 5. c3 Qe7 6. Nbd2 a6 7. Bb3 Ba7 8. h3 d6 9. Nf1 Be6 10. Ng3 Qd7 11. Be3 d5 12. Qe2 Bxe3 13. Qxe3 0-0 14. 0-0 Rae8 15. Qe2 h6 16. Rad1 g5 17. d4 exd4 18. e5 Nh7 19. Nxd4 Nxd4 20. cxd4 f6 21. Qh5 Qg7 22. Bc2 f5 23. Nxf5 Bxf5 24. Bxf5 Re7 25. Bc2 Rf4 26. g3 Rff7 27. Bg6 Rf8 28. Kh2 Re6 29. Bc2 Rb6 30. b3 Rc6 31. Bd3 Rf7 32. f4 gxf4 33. gxf4 Kh8 34. Rg1 Qf8 35. f5 Rg7 36. f6 Rg5 37. Rxg5 Nxg5 38. Rg1 Rc3 39. Rxg5 Rxd3 40. Rg7 Rd2+ 41. Kh1 1-0

[Event "Villa Tehuelches op 5th"]
[Site "Villa Tehuelches"]
[Date "2019.07.13"]
[Round "6"]
[White "Abdala Cancino, Patricia Anastassia"]
[Black "Gallardo Rojel, Alejandro"]
[Result "1/2-1/2"]
[WhiteElo "1672"]
[BlackElo "1754"]
[PlyCount "24"]
[EventDate "2019.07.11"]
[EventType "swiss"]
[EventRounds "7"]
[EventCountry "CHI"]
[SourceTitle "EXT 2021"]
[Source "ChessBase"]
[SourceDate "2020.10.23"]
[SourceVersion "1"]
[SourceVersionDate "2020.10.23"]
[SourceQuality "1"]

1. e4 e5 2. d3 d5 3. Nd2 c5 4. g3 g6 5. Bg2 Bg7 6. Ngf3 Ne7 7. h4 Nbc6 8. 0-0 0-0 9. c3 b6 10. Re1 Bb7 11. Qe2 d4 12. c4 Nb4 1/2-1/2

[Event "Villa Tehuelches op 5th"]
[Site "Villa Tehuelches"]
[Date "2019.07.13"]
[Round "5"]
[White "Gomez Barrera, Javiera Belen"]
[Black "Abdala Cancino, Patricia Anastassia"]
[Result "1-0"]
[WhiteElo "2156"]
[BlackElo "1672"]
[PlyCount "45"]
[EventDate "2019.07.11"]
[EventType "swiss"]
[EventRounds "7"]
[EventCountry "CHI"]
[SourceTitle "EXT 2021"]
[Source "ChessBase"]
[SourceDate "2020.10.23"]
[SourceVersion "1"]
[SourceVersionDate "2020.10.23"]
[SourceQuality "1"]

1. e4 e5 2. Nf3 Nc6 3. Bb5 a6 4. Ba4 Nf6 5. Qe2 Be7 6. 0-0 0-0 7. Bxc6 dxc6 8. Nxe5 Qd4 9. Nf3 Qxe4 10. Qxe4 Nxe4 11. Re1 Ng5 12. Rxe7 Ne6 13. d3 h6 14. Be3 Rd8 15. Ne5 f6 16. Ng6 Kh7 17. Nf4 Nd4 18. Bxd4 Rxd4 19. Ne2 Rb4 20. b3 Rb5 21. Nbc3 Rg5 22. Ne4 Rf5 23. Re1 1-0

[Event "Santa Rosa Region (Women)"]
[Site "Santa Rosa"]
[Date "2019.05.11"]
[Round "3.2"]
[White "Abdala Cancino, Patricia Anastassia"]
[Black "Hormazabal Figueroa, Constanza Valentina"]
[Result "1-0"]
[WhiteElo "1612"]
[BlackElo "1659"]
[PlyCount "38"]
[EventDate "2019.05.11"]
[EventType "swiss"]
[EventRounds "6"]
[EventCountry "CHI"]
[SourceTitle "EXT 2024"]
[Source "ChessBase"]
[SourceDate "2023.10.10"]
[SourceVersion "1"]
[SourceVersionDate "2023.10.10"]
[SourceQuality "1"]

1. e4 c6 2. d3 d5 3. Nd2 e5 4. Ngf3 Bd6 5. d4 exd4 6. e5 Bc7 7. Nb3 Ne7 8. Nbxd4 0-0 9. Bd3 h6 10. 0-0 a6 11. c3 c5 12. Ne2 Nbc6 13. Bf4 Bg4 14. Nd2 Bxe5 15. Bxe5 Nxe5 16. Bc2 Re8 17. Re1 Bf5 18. Ng3 Bxc2 19. Qxc2 Qd6 1-0

[Event "CHI-ch (Women)"]
[Site "Las Condes"]
[Date "2019.02.14"]
[Round "5"]
[White "Abdala Cancino, Patricia Anastassia"]
[Black "Jorquera Cabello, Valentina Paz"]
[Result "0-1"]
[WhiteElo "1534"]
[BlackElo "2016"]
[PlyCount "78"]
[EventDate "2019.02.12"]
[EventType "swiss"]
[EventRounds "9"]
[EventCountry "CHI"]
[SourceTitle "CBM 188 Extra"]
[Source "ChessBase"]
[SourceDate "2019.02.26"]
[SourceVersion "1"]
[SourceVersionDate "2019.02.26"]
[SourceQuality "1"]

1. e4 c5 2. Nf3 Nc6 3. b3 d6 4. Bb2 e5 5. d3 g6 6. Nbd2 Bg7 7. a4 Nge7 8. g3 0-0 9. Bg2 f5 10. 0-0 f4 11. Nc4 h6 12. c3 g5 13. gxf4 Rxf4 14. Bc1 Rf7 15. Be3 Bg4 16. Ncd2 Qd7 17. Qc1 Ng6 18. Ne1 Be2 19. f3 Bxf1 20. Nxf1 Nh4 21. Ng3 Raf8 22. Qd1 Ne7 23. Ra2 Neg6 24. Rf2 Nf4 25. Kh1 b6 26. Rf1 d5 27. exd5 Nfxg2 28. Nxg2 Nxf3 29. c4 Qh3 30. Rxf3 Rxf3 31. Qe1 e4 32. dxe4 Bd4 33. Bxd4 cxd4 34. Kg1 d3 35. Nf5 R3xf5 36. exf5 Qxf5 37. Ne3 Qe5 38. Qd2 Rf3 39. Ng2 Qd4+ 0-1

[Event "Santiago (Women) op"]
[Site "Santiago de Chile"]
[Date "2018.11.25"]
[Round "5.2"]
[White "Abdala Cancino, Patricia Anastassia"]
[Black "Gonzalez Delgadillo, Mackarena"]
[Result "1/2-1/2"]
[WhiteElo "1551"]
[BlackElo "1598"]
[PlyCount "56"]
[EventDate "2018.11.24"]
[EventType "swiss"]
[EventRounds "6"]
[EventCountry "CHI"]
[SourceTitle "EXT 2024"]
[Source "ChessBase"]
[SourceDate "2023.10.10"]
[SourceVersion "1"]
[SourceVersionDate "2023.10.10"]
[SourceQuality "1"]

1. e4 e6 2. d3 d5 3. Nd2 d4 4. Ngf3 c5 5. g3 Nc6 6. Bg2 Nf6 7. 0-0 Be7 8. Re1 b5 9. a4 Bd7 10. axb5 Nb4 11. Nb3 Bxb5 12. Bg5 Qb6 13. Bxf6 gxf6 14. e5 Rb8 15. exf6 Bxf6 16. Qd2 Bc6 17. Na5 Bd5 18. c3 dxc3 19. bxc3 Nc6 20. Nxc6 Qxc6 21. Qf4 Ke7 22. Rxa7+ Rb7 23. Rxb7+ Qxb7 24. c4 Bc6 25. Nh4 Bxg2 26. Nxg2 Rd8 27. Qe4 Qxe4 28. Rxe4 e5 1/2-1/2

[Event "Santiago Region-ch (Women) 4th"]
[Site "Santiago de Chile"]
[Date "2018.09.29"]
[Round "2.5"]
[White "Cordova Melendez, Francisca"]
[Black "Abdala Cancino, Patricia Anastassia"]
[Result "0-1"]
[WhiteElo "1174"]
[BlackElo "1506"]
[PlyCount "100"]
[EventDate "2018.09.29"]
[EventType "swiss"]
[EventRounds "6"]
[EventCountry "CHI"]
[SourceTitle "EXT 2024"]
[Source "ChessBase"]
[SourceDate "2023.10.10"]
[SourceVersion "1"]
[SourceVersionDate "2023.10.10"]
[SourceQuality "1"]

1. e4 e5 2. Nf3 Nc6 3. d4 exd4 4. Nxd4 Bc5 5. Nxc6 bxc6 6. Bc4 d6 7. 0-0 Nf6 8. Nc3 0-0 9. Bg5 h6 10. Bh4 Be6 11. Qe2 Re8 12. Rad1 g5 13. Bg3 Bg4 14. Bxf7+ Kxf7 15. Qc4+ Be6 16. Qd3 Qe7 17. h3 Rad8 18. Qe2 Kg7 19. e5 dxe5 20. Rxd8 Rxd8 21. Qxe5 Bd6 22. Qe3 Nd5 23. Qd4+ Qf6 24. Qxa7 Nxc3 25. bxc3 Qxc3 26. Bxd6 Rxd6 27. Qxc7+ Rd7 28. Qb8 Qxc2 29. Qe5+ Kf7 30. Qh8 Qg6 31. Qa8 Bd5 32. Re1 Re7 33. Rxe7+ Kxe7 34. Qa7+ Kf8 35. Qc5+ Kf7 36. a4 Qe4 37. f3 Qe1+ 38. Kh2 Qe5+ 39. Kg1 Qa1+ 40. Kh2 Qxa4 41. Qd6 Qf4+ 42. Qxf4+ gxf4 43. Kg1 c5 44. Kf2 c4 45. Ke2 Kg6 46. Kd2 Kg5 47. Kc3 Kh4 48. Kd4 Kg3 49. Kxd5 c3 50. Ke4 c2 0-1

[Event "Pan American-ch U12 Girls"]
[Site "Santiago de Chile"]
[Date "2018.07.23"]
[Round "3"]
[White "Abdala Cancino, Patricia Anastassia"]
[Black "Wang, Ellen"]
[Result "0-1"]
[WhiteElo "1445"]
[BlackElo "1674"]
[PlyCount "78"]
[EventDate "2018.07.22"]
[EventType "swiss"]
[EventRounds "9"]
[EventCountry "CHI"]
[SourceTitle "EXT 2022"]
[Source "ChessBase"]
[SourceDate "2021.10.06"]
[SourceVersion "1"]
[SourceVersionDate "2021.10.06"]
[SourceQuality "1"]

1. e4 c5 2. Nc3 Nc6 3. g3 g6 4. Bg2 Bg7 5. f4 e6 6. e5 d6 7. exd6 Qxd6 8. Ne4 Qe7 9. Nf3 Nf6 10. Nxf6+ Bxf6 11. c3 Qd6 12. d3 0-0 13. 0-0 Rd8 14. Be3 Rb8 15. Qe2 b6 16. Rfd1 Ba6 17. Bf1 Rbc8 18. Qf2 Qc7 19. d4 Bxf1 20. Qxf1 cxd4 21. cxd4 Nb4 22. Rac1 Qb7 23. a3 Nc2 24. Qf2 Qe4 25. Rd2 Nxd4 26. Rxd4 Rxc1+ 27. Bxc1 Bxd4 28. Nxd4 Rxd4 29. Bd2 Qd5 30. Be1 Re4 31. Qd2 Qxd2 32. Bxd2 Re2 33. Bc3 Kf8 34. g4 Ke7 35. g5 Kd6 36. h3 Kd5 37. Bf6 Kc4 38. Bg7 Kb3 39. Bf6 Rxb2 0-1

[Event "CHI-ch U20 Girls"]
[Site "Los Angeles"]
[Date "2016.01.18"]
[Round "2.2"]
[White "Vargas Banda, Valentina Javiera"]
[Black "Abdala Cancino, Patricia Anastassia"]
[Result "1-0"]
[WhiteElo "1794"]
[BlackElo "1348"]
[PlyCount "47"]
[EventDate "2016.01.18"]
[EventType "swiss"]
[EventRounds "9"]
[EventCountry "CHI"]
[SourceTitle "EXT 2024"]
[Source "ChessBase"]
[SourceDate "2023.10.10"]
[SourceVersion "1"]
[SourceVersionDate "2023.10.10"]
[SourceQuality "1"]

1. e4 e6 2. d4 d5 3. exd5 exd5 4. c4 c6 5. Nc3 Bb4 6. Bd3 Bxc3+ 7. bxc3 Nf6 8. Nf3 0-0 9. 0-0 Bg4 10. h3 Bh5 11. Bg5 Re8 12. Rb1 b6 13. g4 Bg6 14. Ne5 Bxd3 15. Qxd3 Qd6 16. Qf5 Rc8 17. c5 bxc5 18. dxc5 Qxc5 19. Bxf6 gxf6 20. Qxf6 Qxc3 21. Rb3 Qa5 22. Rxb8 Raxb8 23. Nxc6 Qb5 24. Ne7+ 1-0